| 000 | 00895nac a22002291u 4500 | ||
|---|---|---|---|
| 008 | 111009s2005 us ||||| |||| 001 0 eng d | ||
| 020 | _a0131327941 (pbk.) | ||
| 020 | _a9780131327948 (pbk.) | ||
| 082 |
_a005.133 _bNYH _222 |
||
| 100 |
_aNyhoff, Larry R. _927425 |
||
| 245 |
_aADTs, Data Structures, and Problem Solving with C++ / _cLarry R. Nyhoff. |
||
| 250 | _a2nd ed. | ||
| 260 |
_aUpper Saddle River, N.J. : _bPearson Education International, _cc2005. |
||
| 300 |
_a1 v. (various pagings) : _bill. ; _c25 cm. |
||
| 500 | _aRev. ed. of: C++: an introduction to data structures. 1999. | ||
| 500 | _aIncludes index. | ||
| 650 |
_aC++ (Computer program language) _927426 |
||
| 650 |
_aData structures (Computer science) _927427 |
||
| 653 |
_bCS _cOctober2011 |
||
| 700 |
_aNyhoff, Larry R. _ab an inroduction to data structures. _at C++ : _927428 |
||
| 942 |
_cNB _k005.133 NYH _2ddc |
||
| 999 |
_c1548 _d1548 |
||